Biology : A complete course with 900 questions and answers
Zapisane w:
| 1. autor: | |
|---|---|
| Format: | Książka |
| Język: | Undetermined |
| Wydane: |
New York
McGraw-Hill
1995
|
| Hasła przedmiotowe: | |
| Etykiety: |
Dodaj etykietę
Nie ma etykietki, Dołącz pierwszą etykiete!
|
| Thư viện lưu trữ: | Trung tâm Học liệu Trường Đại học Cần Thơ |
|---|
| LEADER | 00485nam a2200181Ia 4500 | ||
|---|---|---|---|
| 001 | CTU_54892 | ||
| 008 | 210402s9999 xx 000 0 und d | ||
| 020 | |b 150000 | ||
| 082 | |a 570 | ||
| 082 | |b F911 | ||
| 100 | |a George H. Fried | ||
| 245 | 0 | |a Biology : A complete course with 900 questions and answers | |
| 245 | 0 | |c George H. Fried | |
| 260 | |a New York | ||
| 260 | |b McGraw-Hill | ||
| 260 | |c 1995 | ||
| 650 | |a biology | ||
| 980 | |a Trung tâm Học liệu Trường Đại học Cần Thơ | ||